000 00484nam a22001937a 4500
999 _c9449
_d9449
003 GBCCL
005 20241126110712.0
008 221213b ||||| |||| 00| 0 eng d
020 _a9789389069402
040 _cgbc
082 _a226.9
_bPIN
100 _aPink, A.W.
_98150
245 _aSermon on the mount
260 _aBangalore :
_bOmega book world,
_c2020
300 _a297
650 _aBible
_vNew Testament
_97309
650 _aSermon on the mount
_911870
942 _2ddc
_cBK